000 00742nam a2200241Ia 4500
003 OSt
005 20220918230727.0
006 a|||||r|||| 00| 0
007 ta
008 220917b |||||||| |||| 00| 0 eng d
024 _a257,725
037 _cTextual
040 _aARTS
_cARTS
_beng
041 _2eng
_aeng
082 _aZ6:922, K7
100 _aMifsud Frank M
_9153122
245 0 _aCustomary land law in Africa with reference to legislation aimed at adjust customary tenures to the needs of development
260 _aRome
_bFood and Agriculture Organization of the United Nations
_c1967
300 _a95p.
_ccm.
650 _aLAW
_97240
942 _hZ6:922, K7
_cTEXL
_2CC
999 _c288783
_d288783